| 000 | 01205nam a2200265 a 4500 | ||
|---|---|---|---|
| 001 | 000017947 | ||
| 003 | DO-SdBNP | ||
| 005 | 20260304085435.0 | ||
| 008 | 100407t1996 dr ach 001 0bspa d | ||
| 040 |
_aDO-SdBNP _bspa _cBNPHU |
||
| 082 |
_a923.27293 _bP349c, 1996 |
||
| 100 | 1 |
_aCampillo Pérez, Julio Genaro, _d1922-2001 _938918 |
|
| 245 | 1 | 0 |
_aPeña Gómez : _borigen y nacimiento : investigación genealógica / _cJulio Genaro Campillo Pérez. |
| 250 | _a2ª ed. | ||
| 260 |
_aSanto Domingo : _bDe Colores, _c1996. |
||
| 300 |
_a152 p. : _bil., facsíms., retrs. ; _c29 cm. |
||
| 505 | 0 |
_gIntroducción -- _tLa investigación y sus obstáculos -- _tLos padres de Peña Gómez -- _tImputaciones de la Lajara Burgos -- _tOgis Vicente, padre real -- _tMaría Marcelino, madre real -- _tEl racismo -- _tEmigración paterna -- _tConclusiones -- _tAnexos. Documentos. |
|
| 600 | 1 | 0 |
_aPeña Gomez, Jose Francisco , _d1937-1998 _xFamilia _92994 |
| 650 | 4 |
_aPolíticos _zRepública Dominicana _91349 |
|
| 650 | 4 |
_aParentesco _92156 |
|
| 650 | 4 |
_aPeña gómez (familia) _xGenealogía _938920 |
|
| 651 | 4 |
_aRepública Dominicana _xGenealogía _92157 |
|
| 910 | _aValidado. Control de calidad EMS. | ||
| 942 |
_2ddc _cLBS1 |
||
| 999 |
_c17471 _d17471 |
||